| 000 | 00722nam a2200133Ia 4500 | ||
|---|---|---|---|
| 008 | 171212s9999 xx 000 0 und d | ||
| 100 | _aRust, Paula C | ||
| 245 |
_cRust, Paula C _aBisexuality and the Challenge to Lesbian Politics _bSex, Loyalty, and Revolution |
||
| 260 |
_bNew York University Press _c1995 |
||
| 440 | _aThe Cutting Edge: Lesbian Life and Literature Series | ||
| 650 | _aLesbians -- United States -- Attitudes; Lesbians -- United States -- Identity; Lesbians -- United States -- Psychology; Bisexual women -- United States -- Attitudes; Bisexual women -- United States -- Psychology; Bisexuality -- Political aspects -- United | ||
| 650 | _aSociology | ||
| 856 | _uhttp://www.jstor.org/stable/j.ctt9qg5tm | ||
| 999 |
_c351518 _d351518 |
||